Construire le voisin : Pratiques européennes (notice n° 1608411)

détails MARC
000 -LEADER
fixed length control field 01087cam a2200205 4500500
005 - DATE AND TIME OF LATEST TRANSACTION
control field 20251228142515.0
041 ## - LANGUAGE CODE
Language code of text/sound track or separate title fre
042 ## - AUTHENTICATION CODE
Authentication code dc
100 10 - MAIN ENTRY--PERSONAL NAME
Personal name Haddad rayan
Relator term author
245 00 - TITLE STATEMENT
Title Construire le voisin : Pratiques européennes
260 ## - PUBLICATION, DISTRIBUTION, ETC.
Name of publisher, distributor, etc. L'Harmattan,<br/>
Date of publication, distribution, etc. 2007.<br/>
520 ## - SUMMARY, ETC.
Summary, etc. Lancée en 2003, la Politique de voisinage, devenue l’axe majeur des relations extérieures de l’Union européenne, entend proposer une politique compréhensive qui articule les interactions commerciales aux échanges sociaux et culturels. Ces contributions démontre cependant que, loin d’être construite avec les voisins, la politique européenne de voisinage semble imposer aux voisins les cadres cognitifs et normatifs de l’Union…
700 10 - ADDED ENTRY--PERSONAL NAME
Personal name Zaiotti, Ruben
Relator term author
700 10 - ADDED ENTRY--PERSONAL NAME
Personal name Wolff, Sarah
Relator term author
700 10 - ADDED ENTRY--PERSONAL NAME
Personal name Jeandesboz, Julien
Relator term author
700 10 - ADDED ENTRY--PERSONAL NAME
Personal name Cahn, Olivier
Relator term author
700 10 - ADDED ENTRY--PERSONAL NAME
Personal name Balzacq, Thierry
Relator term author
700 10 - ADDED ENTRY--PERSONAL NAME
Personal name Périer, Miriam
Relator term author
856 41 - ELECTRONIC LOCATION AND ACCESS
Uniform Resource Identifier <a href="https://shs.cairn.info/construire-le-voisin--9782296034587?lang=fr&redirect-ssocas=7080">https://shs.cairn.info/construire-le-voisin--9782296034587?lang=fr&redirect-ssocas=7080</a>

Pas d'exemplaire disponible.

PLUDOC

PLUDOC est la plateforme unique et centralisée de gestion des bibliothèques physiques et numériques de Guinée administré par le CEDUST. Elle est la plus grande base de données de ressources documentaires pour les Étudiants, Enseignants chercheurs et Chercheurs de Guinée.

Adresse

627 919 101/664 919 101

25 boulevard du commerce
Kaloum, Conakry, Guinée

Réseaux sociaux

Powered by Netsen Group @ 2025